| 000 | 00405 a2200157 4500 | ||
|---|---|---|---|
| 999 |
_c12851 _d12851 |
||
| 003 | OSt | ||
| 005 | 20240801173400.0 | ||
| 008 | 240801b ||||| |||| 00| 0 eng d | ||
| 020 | _a978-1440340925 | ||
| 082 | _a720.284 | ||
| 100 | _a Pete Scully | ||
| 245 | _aCreative Sketching Workshop: 21 Sketch Crawl Ideas and Exercises | ||
| 260 |
_b North Light Books _c 2015 |
||
| 300 | _a176p; | ||
| 942 | _2ddc | ||